00854cam a2200169 45000010005000000200018000051000021000232450215000442500011002592600031002703000026003013360026003273370026003535200226003796500033006056500046006386506 z97893500912271 aDefoe, Daniel.d12aA journal of the plague year :bbeing observations or memorials of the most remarkable occurrences, as well publick as private, which happened in London during the last great visitation in 1665 /cDaniel Defoe. a3d ed. aLondon ;bEveryman,c2000. axxiv, 240 p. ; 21 cm. atextbtxt2rdacontent acomputerbc2rdamedia aThe text and notes are reproduced from the Oxford English Novels edition. The introduction sheds light on the relationship of the Journal to Pepys's diary, and a medical note relates the latest research on the Plague.  aPlague -- Fiction.vxyz2 0aGreat Plague, London, England, 1664-1666.